000 00754nam a2200217Ia 4500
003 GCL
008 140319s9999 xx 000 0 ara d
040 _aGCL /
_cGCL
082 0 4 _a801.3
_bع ن
100 1 _aعدد من الباحثين السوفييت
245 1 0 _aنظرية الادب (هدية من الاديب عبدالفتاح الجمل) /
_cعدد من الباحثين السوفييت
700 1 _aالمتخصصين بنظرية الادب
300 _a857 ص
490 _aسلسلة الكتب المترجمة
_v0
650 0 4 _aالادب
650 0 4 _aالادب الروسى
650 0 4 _aالادب - تاريخ ونقد
650 0 4 _aالادب المقارن
650 0 4 _aالادب العالمى
942 _2ddc
_cBK
999 _c47389
_d47389